[Event "DSOL 2021"]
[Site "Germany"]
[Date "2021.02.02"]
[Round "2.3"]
[White "Topalov, Mihail"]
[Black "Janknecht, Eckart"]
[Result "1-0"]
[WhiteElo "1935"]
[BlackElo "1715"]
[Annotator "TA"]
[PlyCount "59"]
[EventDate "2021.01.18"]
[EventType "team-tourn"]
[EventCountry "GER"]
[SourceTitle "playchess.com"]
[Source "ChessBase"]
[SourceQuality "1"]

1. e4 e5 2. Nf3 Nc6 3. Bb5 Nf6 4. O-O d6 5. Re1 Bg4 6. c3 Be7 7. d3 O-O 8. Nbd2 a6 9. Ba4 b5 10. Bc2 a5 11. Nf1 b4 12. Ng3 Na7 13. h3 Bd7 14. d4 exd4 15. cxd4 g6 16. Bh6 Re8 17. Ng5 Bf8 18. Bb3 Be6 19. Nxe6 fxe6 20. Bg5 h6 21. Be3 Kh7 22. Ba4 Re7 23. Rc1 Rf7 24. Qb3 d5 25. e5 Nd7 26. Qc2 Nb6 27. Bb3 Nb5 28. Qd3 Qd7 29. Bc2 Rg7 30. Nh5 1-0

[Event "DSOL 2021"]
[Site "Germany"]
[Date "2021.02.01"]
[Round "2.3"]
[White "Gast, Rainer"]
[Black "Strohmann, Andreas"]
[Result "0-1"]
[WhiteElo "1932"]
[BlackElo "1790"]
[Annotator "TA"]
[PlyCount "84"]
[EventDate "2021.01.18"]
[EventType "team-tourn"]
[EventCountry "GER"]
[SourceTitle "playchess.com"]
[Source "ChessBase"]
[SourceQuality "1"]

1. d4 c5 2. d5 Nf6 3. c4 b5 4. cxb5 a6 5. bxa6 Bxa6 6. Nc3 d6 7. Nf3 g6 8. g3 Bg7 9. e4 Bxf1 10. Kxf1 O-O 11. Kg2 Na6 12. Re1 Nc7 13. h3 Re8 14. Bf4 Qb8 15. Re2 Nd7 16. Qc2 Qb7 17. a4 Reb8 18. Ra3 Ra6 19. Bg5 e6 20. Qd3 exd5 21. Nxd5 Nxd5 22. Qxd5 Qxd5 23. exd5 Bxb2 24. Ra2 Bg7 25. Bf4 Nf6 26. Rab2 Rba8 27. Rb7 Nxd5 28. Ng5 Nxf4+ 29. gxf4 Bf8 30. Nxf7 R8a7 31. Reb2 Rxa4 32. Kg3 d5 33. Ng5 Bd6 34. Ne6 Rxb7 35. Rxb7 Re4 36. Nd8 c4 37. Rd7 c3 38. Rxd6 c2 39. Ne6 c1=Q 40. Rd8+ Kf7 41. Ng5+ Ke7 42. Rxd5 Qxf4+ 0-1

[Event "DSOL 2021"]
[Site "Germany"]
[Date "2021.02.01"]
[Round "2.3"]
[White "Longo, Massimo"]
[Black "Hobmeier, Luis"]
[Result "0-1"]
[WhiteElo "1890"]
[BlackElo "1620"]
[Annotator "NA RC"]
[PlyCount "84"]
[EventDate "2021.01.18"]
[EventType "team-tourn"]
[EventCountry "GER"]
[SourceTitle "playchess.com"]
[Source "ChessBase"]
[SourceQuality "1"]

1. d4 Nf6 2. Nf3 g6 3. g3 Bg7 4. Bg2 O-O 5. O-O d5 6. c3 c6 7. Ne5 Nbd7 8. f4 Qc7 9. Nd2 Nb6 10. Qc2 Bf5 11. e4 dxe4 12. Nxe4 Nxe4 13. Bxe4 Bxe4 14. Qxe4 e6 15. h4 h5 16. Be3 Nc8 17. Nxg6 Nd6 18. Qd3 fxg6 19. Qxg6 Qf7 20. Qd3 Qf5 21. Qe2 Rf6 22. Bf2 Rg6 23. Kh2 Re8 24. Rfe1 Bf6 25. Qf3 Qg4 26. Qxg4 Rxg4 27. Re2 Kf7 28. Rae1 Nf5 29. b3 Bd8 30. a3 Rgg8 31. Kh3 Bb6 32. Re5 Bc7 33. R5e4 Rg6 34. c4 Reg8 35. Rg1 Bd8 36. Ree1 Nh6 37. Re4 Ng4 38. Be1 Bb6 39. c5 Bd8 40. Rg2 Nf6 41. Re5 Nd5 42. Rxh5 Nxf4+ 0-1

[Event "DSOL 2021"]
[Site "Germany"]
[Date "2021.02.03"]
[Round "2.3"]
[White "Felten, Joachim"]
[Black "Skogvall, Martina"]
[Result "1-0"]
[WhiteElo "1886"]
[BlackElo "1620"]
[Annotator "NA RC"]
[PlyCount "41"]
[EventDate "2021.01.18"]
[EventType "team-tourn"]
[EventCountry "GER"]
[SourceTitle "playchess.com"]
[Source "ChessBase"]
[SourceQuality "1"]

1. e4 e6 2. d4 d5 3. Nd2 c5 4. Ngf3 Nc6 5. exd5 exd5 6. Bb5 Bd7 7. O-O Bd6 8. dxc5 Bxc5 9. Nb3 Bb6 10. Qxd5 Nge7 11. Qh5 O-O 12. Bd3 Ng6 13. Ng5 h6 14. Nxf7 Rxf7 15. Qxg6 Ne5 16. Qh7+ Kf8 17. Bd2 Bc6 18. Bb4+ Ke8 19. Rae1 Qg5 20. Rxe5+ Qxe5 21. Qg8+ 1-0

[Event "DSOL 2021"]
[Site "Germany"]
[Date "2021.02.05"]
[Round "2.3"]
[White "Berkes, Alexander"]
[Black "Stangl, Anita"]
[Result "1-0"]
[WhiteElo "1872"]
[BlackElo "2005"]
[Annotator "TA"]
[PlyCount "115"]
[EventDate "2021.01.18"]
[EventType "team-tourn"]
[EventCountry "GER"]
[SourceTitle "playchess.com"]
[Source "ChessBase"]
[SourceQuality "1"]
[WhiteTeam "SK Langen I"]
[BlackTeam "Bayern München II Amazonen"]

1. e4 e6 2. d4 d5 3. exd5 exd5 4. Bd3 Nc6 5. c3 Bd6 6. Nf3 Bg4 7. O-O Nge7 8. Nbd2 Qd7 9. b4 O-O-O 10. Qa4 a6 11. Rb1 Nb8 12. Qb3 c6 13. a4 b5 14. axb5 axb5 15. Qa2 f6 16. Ne1 g5 17. Nb3 Qe8 18. f3 Bd7 19. Nc5 Qh5 20. g3 f5 21. Ra1 f4 22. Qa8 Bxc5 23. bxc5 Be6 24. Ra7 Rd7 25. Ra6 Rb7 26. Rb6 Rxb6 27. cxb6 Qf7 28. Qa7 Ng6 29. Bxg6 hxg6 30. Nd3 Qh7 31. Qxh7 Rxh7 32. gxf4 Bf5 33. Nc5 Nd7 34. Re1 Nxb6 35. Re8+ Kc7 36. fxg5 Nd7 37. Bf4+ Kb6 38. Bd6 Rf7 39. Kg2 Rh7 40. Kg3 Rh3+ 41. Kf4 Rh7 42. Re7 Rxe7 43. Bxe7 Kc7 44. Na6+ Kb6 45. Nc5 Kc7 46. h4 Nb6 47. h5 Nc8 48. h6 Nxe7 49. h7 Nc8 50. h8=Q Nd6 51. Qe5 Bc2 52. Nb7 Kxb7 53. Qxd6 Kb6 54. Ke5 Bf5 55. Qb4 Kc7 56. Qa5+ Kd7 57. Qa7+ Kc8 58. Kd6 1-0

[Event "DSOL 2021"]
[Site "Germany"]
[Date "2021.02.02"]
[Round "2.3"]
[White "Lohmann, Gerhard"]
[Black "Stirnberg, Noah"]
[Result "0-1"]
[WhiteElo "1832"]
[BlackElo "1869"]
[Annotator "NA RC"]
[PlyCount "76"]
[EventDate "2021.01.18"]
[EventType "team-tourn"]
[EventCountry "GER"]
[SourceTitle "playchess.com"]
[Source "ChessBase"]
[SourceQuality "1"]

1. d4 Nf6 2. c4 e6 3. g3 Bb4+ 4. Bd2 Bxd2+ 5. Qxd2 O-O 6. Bg2 d5 7. Nc3 dxc4 8. Nf3 Nc6 9. O-O Rb8 10. Rfd1 b5 11. Qf4 Qd6 12. Ne5 Nd5 13. Qe4 Nxc3 14. bxc3 Nxe5 15. dxe5 Qa3 16. Qe3 c5 17. Rd6 Bb7 18. Bxb7 Rxb7 19. Rc6 Qb2 20. Rd1 Qxa2 21. Qxc5 Rbb8 22. Kf1 Qc2 23. Qd4 a5 24. Rd2 Qb1+ 25. Kg2 a4 26. Rd6 h6 27. Rd1 Qb2 28. Rd2 Qb3 29. f4 a3 30. Ra6 Ra8 31. Rxa8 Rxa8 32. Qe4 Rf8 33. Qc2 Qxc2 34. Rxc2 Ra8 35. Ra2 b4 36. cxb4 c3 37. Kf2 c2 38. Rxc2 a2 0-1

[Event "DSOL 2021"]
[Site "Germany"]
[Date "2021.02.03"]
[Round "2.3"]
[White "Brockmann, Fabian"]
[Black "Malinowsky, Celina"]
[Result "1-0"]
[WhiteElo "1714"]
[BlackElo "1444"]
[Annotator "NA RC"]
[PlyCount "67"]
[EventDate "2021.01.18"]
[EventType "team-tourn"]
[EventCountry "GER"]
[SourceTitle "playchess.com"]
[Source "ChessBase"]
[SourceQuality "1"]

1. e4 e5 2. d4 exd4 3. Qxd4 Nc6 4. Qe3 g6 5. Nc3 Bg7 6. Nf3 d6 7. Bc4 Nge7 8. O-O O-O 9. h3 Bd7 10. Qe2 Ne5 11. Nxe5 Bxe5 12. f4 Bg7 13. f5 Nc6 14. Be3 Ne5 15. Bb3 Bc6 16. Qd2 Kh8 17. Bh6 Qe7 18. Bxg7+ Kxg7 19. f6+ Qxf6 20. Rxf6 Kxf6 21. Bd5 Kg7 22. Rf1 Rae8 23. h4 Bxd5 24. Nxd5 c6 25. Nf4 Rd8 26. h5 g5 27. h6+ Kxh6 28. Nh3 f6 29. Rxf6+ Kg7 30. Qxg5+ Ng6 31. Rf5 Rde8 32. Nf4 Rxe4 33. Nh5+ Kg8 34. Nf6+ 1-0

[Event "DSOL 2021"]
[Site "Germany"]
[Date "2021.02.03"]
[Round "2.3"]
[White "Volz, Daniel"]
[Black "Manusina, Nicole"]
[Result "1-0"]
[WhiteElo "1649"]
[BlackElo "1620"]
[Annotator "NA RC"]
[PlyCount "105"]
[EventDate "2021.01.18"]
[EventType "team-tourn"]
[EventCountry "GER"]
[SourceTitle "playchess.com"]
[Source "ChessBase"]
[SourceQuality "1"]

1. e4 c6 2. d4 d5 3. Nc3 dxe4 4. Nxe4 Bf5 5. Ng3 Bg6 6. Nf3 Nd7 7. h4 h6 8. h5 Bh7 9. Bd3 Bxd3 10. Qxd3 e6 11. Bd2 Ngf6 12. O-O-O Bd6 13. Ne4 Nxe4 14. Qxe4 Nf6 15. Qe2 Qc7 16. Kb1 O-O-O 17. c4 Rhe8 18. Bc3 Nd7 19. Ne5 Nxe5 20. dxe5 Bc5 21. Qg4 Bf8 22. Rd4 Rxd4 23. Qxd4 c5 24. Qe4 Rd8 25. Kc2 Qd7 26. b3 Kc7 27. g4 Qc6 28. Qxc6+ Kxc6 29. f4 Be7 30. Rh3 b6 31. Rd3 Rg8 32. f5 exf5 33. gxf5 Bg5 34. Rd6+ Kc7 35. Kd3 Re8 36. Ke4 Be7 37. Rd3 Kc6 38. Bd2 a5 39. Rg3 Rd8 40. Bc3 Bg5 41. e6 fxe6 42. fxe6 Re8 43. Kf5 Re7 44. Rd3 Kc7 45. Be5+ Kc8 46. Rd6 Rb7 47. Kg6 Be7 48. Rc6+ Kd8 49. Bxg7 Bg5 50. Bxh6 Bxh6 51. Kxh6 Ke7 52. Kg6 Rb8 53. Kg7 1-0

[Event "DSOL 2021"]
[Site "Germany"]
[Date "2021.02.05"]
[Round "2.3"]
[White "Misini, Burhanudin"]
[Black "Glitz, Martin"]
[Result "1-0"]
[WhiteElo "1648"]
[BlackElo "2056"]
[Annotator "TA"]
[PlyCount "119"]
[EventDate "2021.01.18"]
[EventType "team-tourn"]
[EventCountry "GER"]
[SourceTitle "playchess.com"]
[Source "ChessBase"]
[SourceQuality "1"]
[WhiteTeam "SK Ludwigshafen I"]
[BlackTeam "SK Herzogenaurach I"]

1. e4 c6 2. d4 d5 3. e5 Bf5 4. Nf3 e6 5. Be2 c5 6. O-O Nc6 7. c3 cxd4 8. cxd4 Nge7 9. Be3 Bg4 10. Nc3 Nf5 11. h3 Bxf3 12. Bxf3 Be7 13. Qd3 Nxe3 14. fxe3 O-O 15. a3 a6 16. b4 Qd7 17. Rac1 Rac8 18. Ne2 Na7 19. e4 dxe4 20. Bxe4 g6 21. Rxc8 Rxc8 22. d5 Rf8 23. Nf4 Bg5 24. dxe6 Qxd3 25. Nxd3 Be3+ 26. Kh1 Nc6 27. exf7+ Kg7 28. e6 Bg5 29. Bxc6 bxc6 30. Ne5 Rc8 31. Nxc6 Kf8 32. Ne5 Be7 33. Nd7+ Kg7 34. f8=Q+ Bxf8 35. Rf7+ Kh6 36. Rxf8 Rc1+ 37. Kh2 Re1 38. Rf7 Rxe6 39. Rxh7+ Kg5 40. Rg7 Kh6 41. Nf8 Re8 42. Rxg6+ Kh5 43. Rf6 Re3 44. Rxa6 Rb3 45. Ra5+ Kh6 46. g4 Kg7 47. Ne6+ Kg6 48. Nd4 Rd3 49. Rd5 Rxa3 50. h4 Ra4 51. Rd6+ Kf7 52. b5 Ke7 53. Rd5 Kf7 54. Kg3 Rb4 55. h5 Rb1 56. g5 Rh1 57. g6+ Kg8 58. b6 Kg7 59. b7 Rb1 60. Rb5 1-0

[Event "DSOL 2021"]
[Site "Germany"]
[Date "2021.02.03"]
[Round "2.3"]
[White "Dieball, Cai"]
[Black "Hilck, Dirk"]
[Result "1/2-1/2"]
[WhiteElo "1620"]
[BlackElo "1716"]
[Annotator "NA RC"]
[PlyCount "110"]
[EventDate "2021.01.18"]
[EventType "team-tourn"]
[EventCountry "GER"]
[SourceTitle "playchess.com"]
[Source "ChessBase"]
[SourceQuality "1"]

1. d4 Nf6 2. c4 c5 3. d5 b5 4. cxb5 a6 5. b6 Qxb6 6. Nc3 d6 7. e4 g6 8. Be2 Bg7 9. Nf3 Nbd7 10. O-O O-O 11. Nd2 a5 12. a4 Ba6 13. Bb5 Bxb5 14. Nxb5 Qb8 15. Qc2 Ne8 16. Nc4 Nb6 17. Nxb6 Qxb6 18. Bd2 Nc7 19. Nxc7 Qxc7 20. Bc3 Rab8 21. Rab1 Rb7 22. Qd2 Bxc3 23. bxc3 Rfb8 24. Qc2 Rb6 25. c4 Qb7 26. Rb5 Rxb5 27. axb5 e6 28. dxe6 fxe6 29. Rd1 Rd8 30. f3 Qb6 31. Qb2 Kf7 32. Kf1 a4 33. Qd2 d5 34. Qf4+ Kg8 35. exd5 exd5 36. Re1 Qd6 37. Qxd6 Rxd6 38. Rd1 Kf7 39. cxd5 Ke7 40. Ra1 Rxd5 41. Rxa4 Rd1+ 42. Ke2 Rb1 43. Ra7+ Kd6 44. Rxh7 Rxb5 45. Rg7 Rb2+ 46. Kf1 c4 47. Rxg6+ Kd5 48. Ke1 c3 49. Kd1 Kd4 50. Kc1 Rf2 51. h4 Rf1+ 52. Kc2 Rf2+ 53. Kc1 Rf1+ 54. Kc2 Rf2+ 55. Kc1 Rf1+ 1/2-1/2

[Event "DSOL 2021"]
[Site "Germany"]
[Date "2021.02.03"]
[Round "2.3"]
[White "Fehling, Michael"]
[Black "Happe, Reinhold"]
[Result "1-0"]
[WhiteElo "1620"]
[BlackElo "2119"]
[Annotator "TA"]
[PlyCount "153"]
[EventDate "2021.01.18"]
[EventType "team-tourn"]
[EventCountry "GER"]
[SourceTitle "playchess.com"]
[Source "ChessBase"]
[SourceQuality "1"]

1. e4 e5 2. Nf3 Nc6 3. Bb5 a6 4. Ba4 Nf6 5. O-O Be7 6. Qe2 b5 7. Bb3 d6 8. c3 O-O 9. Rd1 Bg4 10. d3 Na5 11. Bc2 c5 12. Nbd2 Qc7 13. h3 Be6 14. Nf1 Nc6 15. Ng3 d5 16. Ng5 Rad8 17. exd5 Nxd5 18. Nxe6 fxe6 19. Qg4 Nf4 20. Bxf4 exf4 21. Qxe6+ Kh8 22. Ne4 Qd7 23. Bb3 Qxe6 24. Bxe6 Rfe8 25. a4 b4 26. Bc4 a5 27. Bb5 Rc8 28. d4 cxd4 29. cxd4 Red8 30. d5 Na7 31. d6 Bf6 32. Rd2 h6 33. Rad1 Rb8 34. Bc4 Nc6 35. Nxf6 gxf6 36. d7 Ne5 37. Be6 Rb6 38. Rd6 Rxd6 39. Rxd6 Kg7 40. Ra6 Kf8 41. Rxa5 Ke7 42. Bf5 Nc4 43. Ra7 Nd6 44. Bd3 Rxd7 45. Rxd7+ Kxd7 46. a5 Kc6 47. Kf1 Nf7 48. Ke1 Ne5 49. Kd2 Kc5 50. Be2 Nc6 51. a6 Kb6 52. Kd3 Kxa6 53. Ke4+ Kb6 54. Kxf4 Kc5 55. Bf1 Ne7 56. Kg4 Kd5 57. Kh5 Ke5 58. Kxh6 Nf5+ 59. Kg6 Ne7+ 60. Kf7 Nf5 61. Kg6 Ne7+ 62. Kf7 Nf5 63. Ke8 Nd4 64. Bd3 Nb3 65. Ke7 Nc5 66. Bg6 Na4 67. h4 Nxb2 68. h5 Nc4 69. h6 b3 70. h7 b2 71. h8=Q Kd4 72. Qxf6+ Kc5 73. Bd3 Nb6 74. Qxb2 Nd5+ 75. Kf7 Nf4 76. Qe5+ Nd5 77. Be4 1-0

[Event "DSOL 2021"]
[Site "Germany"]
[Date "2021.02.02"]
[Round "2.3"]
[White "Klotzbuecher, Robin"]
[Black "Otto, Andreas"]
[Result "1/2-1/2"]
[WhiteElo "1620"]
[BlackElo "2108"]
[Annotator "TA"]
[PlyCount "46"]
[EventDate "2021.01.18"]
[EventType "team-tourn"]
[EventCountry "GER"]
[SourceTitle "playchess.com"]
[Source "ChessBase"]
[SourceQuality "1"]

1. e4 c5 2. Nf3 Nc6 3. d4 cxd4 4. Nxd4 e5 5. Nb5 d6 6. N1c3 a6 7. Na3 b5 8. Nd5 Nge7 9. c3 Nxd5 10. exd5 Ne7 11. Nc2 Bb7 12. Nb4 g6 13. a4 bxa4 14. Qxa4+ Qd7 15. Qxd7+ Kxd7 16. Bxa6 Nxd5 17. Bb5+ Ke7 18. Nxd5+ Bxd5 19. Rxa8 Bxa8 20. f3 Bg7 21. Ke2 Bb7 22. Bd2 Ra8 23. Rc1 Ra2 1/2-1/2

[Event "DSOL 2021"]
[Site "Germany"]
[Date "2021.02.03"]
[Round "2.3"]
[White "Wolf, Jonas"]
[Black "Speck, Stefan"]
[Result "1-0"]
[WhiteElo "1620"]
[BlackElo "1595"]
[Annotator "NA RC"]
[PlyCount "111"]
[EventDate "2021.01.18"]
[EventType "team-tourn"]
[EventCountry "GER"]
[SourceTitle "playchess.com"]
[Source "ChessBase"]
[SourceQuality "1"]

1. e4 d6 2. d4 Nf6 3. Nc3 e5 4. Nf3 Nbd7 5. Bc4 Be7 6. O-O O-O 7. Bg5 c6 8. d5 cxd5 9. Bxf6 Nxf6 10. Bxd5 Bg4 11. Qd3 Qd7 12. Bb3 Rad8 13. Nd5 Nxd5 14. Bxd5 Kh8 15. Nd2 f5 16. f3 fxe4 17. fxe4 Bh5 18. Rxf8+ Rxf8 19. Rf1 Rxf1+ 20. Nxf1 Bd8 21. h3 Qe7 22. Ng3 Bg6 23. Kh2 Bb6 24. Qf3 h6 25. Ne2 Kh7 26. g4 Be8 27. Kg3 Bc6 28. c4 Bxd5 29. cxd5 Qc7 30. Qc3 Qf7 31. Qf3 Qc7 32. a4 Qc5 33. h4 Kg8 34. g5 hxg5 35. hxg5 g6 36. Kh4 Qc7 37. Qf6 Qh7+ 38. Kg3 Qh5 39. Nc3 Be3 40. Qe6+ Kh7 41. Qd7+ Kg8 42. Qc8+ Kh7 43. Qxb7+ Kh8 44. Qc8+ Kh7 45. Qg4 Qxg5 46. Qxg5 Bxg5 47. Nb5 Be3 48. Nxd6 Kg7 49. Nc4 Bd4 50. b4 Kf7 51. Kg4 a6 52. b5 axb5 53. axb5 Kf6 54. b6 Bf2 55. b7 Ba7 56. Na5 1-0

[Event "DSOL 2021"]
[Site "Germany"]
[Date "2021.02.04"]
[Round "2.4"]
[White "Noetzel, Felix"]
[Black "Malek, Daniel"]
[Result "0-1"]
[WhiteElo "2263"]
[BlackElo "2348"]
[Annotator "TA"]
[PlyCount "80"]
[EventDate "2021.01.18"]
[EventType "team-tourn"]
[EventCountry "GER"]
[SourceTitle "playchess.com"]
[Source "ChessBase"]
[SourceQuality "1"]

1. c4 e6 2. Nf3 d5 3. g3 dxc4 4. Qa4+ Bd7 5. Qxc4 c5 6. Bg2 Bc6 7. O-O Nf6 8. d3 Be7 9. b3 O-O 10. Bb2 Nbd7 11. Nbd2 b5 12. Qc2 Qb6 13. a4 a6 14. Rfc1 Rac8 15. axb5 axb5 16. Nf1 Nd5 17. Ne5 Nxe5 18. Bxe5 Nb4 19. Qb2 Bxg2 20. Kxg2 f6 21. Bc3 Nd5 22. Bd2 f5 23. Qc2 Bf6 24. Ra2 Qb7 25. f3 Bd4 26. e4 Nb4 27. Bxb4 cxb4 28. Qd2 Rc3 29. Rxc3 bxc3 30. Qe2 Qb6 31. f4 b4 32. Kf3 Rc8 33. Rc2 Ra8 34. Ra2 Ra3 35. Rxa3 bxa3 36. Qa2 Qa6 37. Kg2 Qxd3 38. Qxa3 Qe2+ 39. Kh3 Qxf1+ 40. Kh4 Bf6+ 0-1

[Event "DSOL 2021"]
[Site "Germany"]
[Date "2021.02.04"]
[Round "2.4"]
[White "Schulze, Marc"]
[Black "Carlstedt, Jonathan"]
[Result "0-1"]
[WhiteElo "2222"]
[BlackElo "2451"]
[Annotator "TA"]
[PlyCount "60"]
[EventDate "2021.01.18"]
[EventType "team-tourn"]
[EventCountry "GER"]
[SourceTitle "playchess.com"]
[Source "ChessBase"]
[SourceQuality "1"]

1. d4 Nf6 2. Bf4 c5 3. e3 Nd5 4. Bg3 cxd4 5. exd4 Qb6 6. Nc3 Nxc3 7. bxc3 d5 8. Nf3 Nc6 9. Be2 Qb2 10. O-O Qxc3 11. Rb1 e6 12. Rb3 Qa5 13. c4 Be7 14. Qb1 O-O 15. Rc1 Bf6 16. Rd1 Qd8 17. cxd5 exd5 18. Rc3 g6 19. Ne5 Re8 20. f4 Qa5 21. Rc5 Qa3 22. Rd3 Qb4 23. Qxb4 Nxb4 24. Rb3 Nc6 25. Bb5 Bf5 26. Bf2 Rac8 27. Rbc3 Kg7 28. Rxd5 Nxe5 29. dxe5 Rxc3 30. exf6+ Kg8 0-1

[Event "DSOL 2021"]
[Site "Germany"]
[Date "2021.02.02"]
[Round "2.4"]
[White "Friedel, Marcus"]
[Black "Lawrenz, Denny"]
[Result "0-1"]
[WhiteElo "2124"]
[BlackElo "1972"]
[Annotator "TA"]
[PlyCount "48"]
[EventDate "2021.01.18"]
[EventType "team-tourn"]
[EventCountry "GER"]
[SourceTitle "playchess.com"]
[Source "ChessBase"]
[SourceQuality "1"]

1. c4 e5 2. g3 Bc5 3. Bg2 d6 4. Nc3 c6 5. e3 Bb6 6. d4 Nf6 7. Nge2 O-O 8. O-O a5 9. Qc2 Na6 10. a3 Be6 11. Rd1 exd4 12. Nxd4 Bxc4 13. Nf5 Bc7 14. Ne4 Nxe4 15. Qxc4 d5 16. Qd4 Qf6 17. Bxe4 Be5 18. Qb6 dxe4 19. Nd4 Rfd8 20. b4 axb4 21. axb4 Rdb8 22. b5 Bc7 23. Rxa6 Bxb6 24. Rxb6 Qd8 0-1

[Event "DSOL 2021"]
[Site "Germany"]
[Date "2021.02.05"]
[Round "2.4"]
[White "Sarec, Ivica"]
[Black "Hasselmeyer, Albert"]
[Result "1/2-1/2"]
[WhiteElo "2120"]
[BlackElo "1686"]
[Annotator "TA"]
[PlyCount "121"]
[EventDate "2021.01.18"]
[EventType "team-tourn"]
[EventCountry "GER"]
[SourceTitle "playchess.com"]
[Source "ChessBase"]
[SourceQuality "1"]
[WhiteTeam "SK Ludwigshafen I"]
[BlackTeam "SK Herzogenaurach I"]

1. c4 e5 2. Nc3 Bb4 3. Nd5 Bf8 4. g3 c6 5. Nc3 d5 6. cxd5 cxd5 7. d4 exd4 8. Qxd4 Nc6 9. Qxd5 Be6 10. Qxd8+ Rxd8 11. Bd2 Bc5 12. Nf3 Nf6 13. a3 O-O 14. Rc1 Rfe8 15. b4 Bg4 16. bxc5 Bxf3 17. Rg1 Nd4 18. Be3 Bc6 19. Bh3 Re5 20. Na2 a5 21. g4 Ne4 22. Bf4 Ree8 23. f3 Nf6 24. Rg2 Nxf3+ 25. Kf2 Nd4 26. e3 Bxg2 27. Kxg2 Ne6 28. Rc2 h6 29. Be5 Rd5 30. Bxf6 gxf6 31. c6 bxc6 32. Kf2 Red8 33. Ke2 c5 34. Bg2 Re5 35. Kf2 Ng5 36. Nc3 Rd3 37. h4 Ne6 38. Ne4 Rxa3 39. Nxf6+ Kg7 40. Ne4 f5 41. gxf5 Rxf5+ 42. Bf3 Nd4 43. exd4 Raxf3+ 44. Kg2 cxd4 45. Rc7+ Rf7 46. Rc6 R3f4 47. Ng3 Rxh4 48. Rd6 Rg4 49. Kh3 Rg6 50. Nh5+ Kh7 51. Rxd4 Rg5 52. Kh4 Rgf5 53. Rd6 a4 54. Ra6 Rf4+ 55. Nxf4 Rxf4+ 56. Kh5 Rf5+ 57. Kh4 Rf4+ 58. Kh5 Rf5+ 59. Kh4 Kg7 60. Rxa4 Rf7 61. Ra6 1/2-1/2

[Event "DSOL 2021"]
[Site "Germany"]
[Date "2021.02.05"]
[Round "2.4"]
[White "Haas, Frank-Martin"]
[Black "Koellner, Ruben Gideon"]
[Result "0-1"]
[WhiteElo "2118"]
[BlackElo "2412"]
[Annotator "TA RC"]
[PlyCount "68"]
[EventDate "2021.01.18"]
[EventType "team-tourn"]
[EventCountry "GER"]
[SourceTitle "playchess.com"]
[Source "ChessBase"]
[SourceQuality "1"]
[WhiteTeam "SV Walldorf I"]
[BlackTeam "SF Deizisau I"]

1. e4 d6 2. d3 Nf6 3. Be2 e5 4. f4 Nc6 5. Nf3 Be7 6. O-O Nd4 7. Nxd4 exd4 8. c3 dxc3 9. bxc3 O-O 10. Be3 b6 11. Nd2 Bb7 12. Bf3 c5 13. Qe1 Rb8 14. g4 Ba6 15. g5 Ne8 16. Be2 d5 17. e5 d4 18. cxd4 cxd4 19. Bf2 Rc8 20. Rc1 Nc7 21. Ne4 Nd5 22. Bh4 Nc3 23. Qd2 Nxe4 24. dxe4 d3 25. Bg4 Rxc1 26. Rxc1 Qd4+ 27. Kg2 Bb4 28. Qf2 Qxe4+ 29. Kg3 d2 30. Rd1 Rd8 31. Bf3 Rd3 32. Kg2 Qxf4 33. Be2 Bb7+ 34. Kg1 Qe4 0-1

[Event "DSOL 2021"]
[Site "Germany"]
[Date "2021.02.01"]
[Round "2.4"]
[White "Dette, Jan"]
[Black "Lenz, Jonas"]
[Result "1/2-1/2"]
[WhiteElo "2107"]
[BlackElo "2092"]
[Annotator "TA"]
[PlyCount "145"]
[EventDate "2021.01.18"]
[EventType "team-tourn"]
[EventCountry "GER"]
[SourceTitle "playchess.com"]
[Source "ChessBase"]
[SourceQuality "1"]

1. e4 c5 2. Nf3 e6 3. d4 cxd4 4. Nxd4 a6 5. Nc3 Qc7 6. Bd3 Nf6 7. O-O Bc5 8. Nb3 Be7 9. a4 b6 10. Be3 d6 11. a5 Nbd7 12. axb6 Nxb6 13. Qe2 O-O 14. Bxa6 Bxa6 15. Rxa6 Rxa6 16. Qxa6 Nc4 17. Bc1 Rb8 18. Nb5 Qc8 19. Qxc8+ Rxc8 20. Re1 Nd7 21. N3d4 g6 22. b3 Ncb6 23. Ba3 e5 24. Nf3 Rxc2 25. g3 Nc5 26. Re3 f5 27. exf5 gxf5 28. Nxe5 dxe5 29. Rxe5 Bf8 30. Rxf5 Nbd7 31. Nd4 Rd2 32. Rxf8+ Nxf8 33. Bxc5 Nd7 34. Ne6 Rb2 35. Be3 Rxb3 36. h4 Nf6 37. Nf4 Ng4 38. Bd4 Nh6 39. Kg2 Nf5 40. Be5 Rb5 41. Bc3 Rb3 42. Be5 Rb5 43. Bc3 Rb3 44. Ba5 Rb5 45. Bd8 Kf7 46. g4 Rb4 47. Kf3 Nd4+ 48. Kg3 Nc6 49. Bg5 Rb3+ 50. Kg2 Ne5 51. Nd5 Nxg4 52. Ne3 Ne5 53. Bf4 Nd3 54. Bg3 Kg6 55. Nd5 Kf5 56. Ne3+ Ke4 57. Ng4 Nf4+ 58. Kh2 Nh5 59. Kg2 Kf5 60. Ne3+ Kg6 61. Be5 Nf6 62. Bxf6 Kxf6 63. Kg3 Kg6 64. Kg4 Rb4+ 65. Kg3 Kh5 66. Ng2 Rb3+ 67. f3 Kg6 68. Kg4 Rb4+ 69. Kg3 Ra4 70. Kh3 Rb4 71. Kg3 Ra4 72. Kh3 Rb4 73. Kg3 1/2-1/2

[Event "DSOL 2021"]
[Site "Germany"]
[Date "2021.02.05"]
[Round "2.4"]
[White "Quante, Lennart"]
[Black "Tica, Sven"]
[Result "1-0"]
[WhiteElo "2079"]
[BlackElo "2402"]
[Annotator "TA"]
[PlyCount "54"]
[EventDate "2021.01.18"]
[EventType "team-tourn"]
[EventCountry "GER"]
[SourceTitle "playchess.com"]
[Source "ChessBase"]
[SourceQuality "1"]
[WhiteTeam "SK Münster"]
[BlackTeam "SK Dessau I"]

1. d4 Nf6 2. Nf3 g6 3. g3 Bg7 4. Bg2 O-O 5. O-O d6 6. b3 c6 7. Bb2 Nbd7 8. Nbd2 Re8 9. e4 e5 10. dxe5 dxe5 11. Qe2 Qc7 12. a4 a5 13. Rfd1 b6 14. Nc4 Ba6 15. Bf1 b5 16. Nd6 Re6 17. axb5 cxb5 18. Nxb5 Bxb5 19. Qxb5 Qxc2 20. Rd2 Qxe4 21. Ng5 Qc6 22. Nxe6 Qxe6 23. Rad1 Rb8 24. Qc4 Qe7 25. Bc3 Nb6 26. Qc6 h6 27. Bxa5 Qb7 1-0

[Event "DSOL 2021"]
[Site "Germany"]
[Date "2021.02.03"]
[Round "2.4"]
[White "Lewin, Tammo"]
[Black "Giraud, Valerian"]
[Result "1-0"]
[WhiteElo "2076"]
[BlackElo "2064"]
[Annotator "TA"]
[PlyCount "163"]
[EventDate "2021.01.18"]
[EventType "team-tourn"]
[EventCountry "GER"]
[SourceTitle "playchess.com"]
[Source "ChessBase"]
[SourceQuality "1"]

1. d4 Nf6 2. c4 g6 3. Nc3 Bg7 4. e4 d6 5. f3 O-O 6. Be3 Nbd7 7. Qd2 c5 8. Nge2 a6 9. a4 Qa5 10. Nd5 Qxd2+ 11. Kxd2 Nxd5 12. cxd5 cxd4 13. Bxd4 Ne5 14. Bxe5 Bxe5 15. Ra2 Bd7 16. f4 Bg7 17. g3 Rfc8 18. h4 Rc4 19. Nc3 Bxc3+ 20. bxc3 Rxa4 21. Rxa4 Bxa4 22. c4 Kg7 23. Bh3 h5 24. Kc3 b5 25. Ra1 Ra7 26. Bf1 Rc7 27. Kb4 Kf6 28. e5+ dxe5 29. Rc1 exf4 30. gxf4 Kf5 31. c5 Kxf4 32. Ka5 Bb3 33. Kb6 Rc8 34. Bh3 f5 35. Bg2 Kg3 36. Bh1 f4 37. Rc3+ Kh2 38. Be4 Bc4 39. c6 a5 40. Kxa5 g5 41. hxg5 h4 42. Kb6 h3 43. Kb7 Rh8 44. c7 Bf1 45. c8=Q Rxc8 46. Kxc8 Bg2 47. Rc2 Kg3 48. Bxg2 hxg2 49. Rxg2+ Kxg2 50. g6 f3 51. g7 f2 52. g8=Q+ Kf3 53. Qf7+ Kg3 54. Qg6+ Kh2 55. Qh5+ Kg1 56. Qg5+ Kh2 57. Qh4+ Kg2 58. Qg4+ Kh2 59. Qf3 Kg1 60. Qg3+ Kf1 61. Kd7 Ke2 62. Qe5+ Kd3 63. Qf5+ Ke2 64. Qe4+ Kd1 65. Qf3+ Ke1 66. Qe3+ Kf1 67. Kxe7 Kg2 68. Qg5+ Kh1 69. Qh4+ Kg2 70. Qg4+ Kh1 71. Qf3+ Kg1 72. Qg3+ Kh1 73. Qxf2 b4 74. Qf3+ Kh2 75. Qf4+ Kh3 76. Qxb4 Kg2 77. d6 Kh3 78. d7 Kg2 79. d8=R Kh3 80. Rd3+ Kh2 81. Qb2+ Kg1 82. Rd1# 1-0